000 00463nam a2200193Ia 4500
005 20240823035939.0
008 240823s9999||||xx |||||||||||||| ||und||
020 _a0-07-460275-6
041 _aENGLISH
082 _A621.4021 N9
100 _aNag P K
245 0 _aEngineering Thermodynamics
250 _a2nd
260 _c1995
_b"Tata Mcgraw Hill,New "
500 _aTRANSFERED
650 _aThermodynamics
_bMechanical
942 _cBK
999 _c201908
_d201908